Bd. 210, № 1-2; Zeitschrift fur physikalische Chemie

書誌詳細
Parent link:Zeitschrift fur physikalische Chemie: magazin. Bd. 210, № 1-2.— , 1887-1990
言語:ドイツ語
出版事項: 1959
フォーマット: MixedMaterials 図書
KOHA link:https://koha.lib.tpu.ru/cgi-bin/koha/opac-detail.pl?biblionumber=546652

MARC

LEADER 00000nam2a2200000 4500
001 546652
005 20231101115936.0
035 |a (RuTPU)RU\TPU\prd\238673 
035 |a RU\TPU\prd\238670 
090 |a 546652 
100 |a 20150609a18871990k y0gery50 ba 
101 0 |a ger 
102 |a DE 
200 0 |a Bd. 210, № 1-2 
210 |d 1959 
461 1 |0 (RuTPU)RU\TPU\prd\145  |t Zeitschrift fur physikalische Chemie  |o magazin  |v Bd. 210, № 1-2  |d 1887-1990 
801 0 |a RU  |b 63413507  |c 20010227  |g PSBO 
801 1 |a RU  |b 63413507  |c 20080423  |g PSBO 
801 2 |a RU  |b 63413507  |c 20150620  |g PSBO 
942 |c BK 
999 |a НТБ_ТПУ  |b НФ  |e -15/20140209  |p П-115  |u 0  |v 1  |x 7059